LEADER 01092nam a2200277 i 4500 001 000000142434 003 CaOOAMICUS 005 20050905000000.0 008 050905s1982 it u000 u ita u 013 $a117758 040 $aSeMil$bita 100 1 $aGuidoni, Enrico.$0(OLS)http://semarc/name/18602 245 13$aIl Mosè di Michelangelo /$cEnrico Guidoni ; fotografie di Piero Berengo Gardin. 260 $aRoma ; Bari :$bLaterza,$c1982. 300 $a75 p., [50] p. di tav. ;$c25 cm. 490 0 $aGrandi opere 500 $aFondo Ciprandi. 650 4$aBuonarroti, Michelangelo <1475-1564> . Mosè.$0(OLS)http://semarc/subject/28022 700 1 $aBerengo Gardin, Piero.$0(OLS)http://semarc/name/57175 830 0$aGrandi opere.$0(OLS)http://semarc/title/11202 850 $aSeMil 852 $aSeMil$W1$xVenegono$y1$m5T VI 42$j95608$B95608$CSeMilBibl$Z2$F102651 $81 941 1 $a1 961 $aOmaggio: Ciprandi dott. Paolo 996 $6245$aIl Mosè di Michelangelo$9(OLS)http://semarc/title/208346 996 $6260$aRoma ; Bari :$bLaterza$9(OLS)http://semarc/publisher/30305 LEADER 00922nam a2200217 i 4500 001 000000048708 003 CaOOAMICUS 005 20041022000000.0 008 041022s1995 it u000 u ita u 013 $a19878 040 $aSeMil$bita 100 1 $aColombo, Vittorino,$d<1925-1996>.$0(OLS)http://semarc/name/2139 245 10$aIncontri con la Cina /$cVittorino Colombo. 260 $aMilano :$bIstituto Italo-Cinese per gli scambi Economici e Culturali,$c1995. 300 $a254 p., [7] p. di tav. a colori :$bill. ;$c21 cm. 650 4$aCina.$0(OLS)http://semarc/subject/5909 850 $aSeMil 852 $aSeMil$W1$xVenegono$y1$m4Y IV 86$j14863$B14863$CSeMilBibl$Z2$F14863 $81 961 $aOmaggio: Poma mons. Gianfranco 996 $6245$aIncontri con la Cina$9(OLS)http://semarc/title/73751 996 $6260$aMilano :$bIstituto Italo-Cinese per gli scambi Economici e Culturali$9(OLS)http://semarc/publisher/41052